000 005670000a22001810004500
003 MACL
005 20170622123854.0
008 160427b xxu||||| |||| 00| 0 eng d
040 _aMACL
_cMACL
041 _aHindi
082 _a800
100 _aडॉ उषा तिवारी
_954337
245 _aसाठोत्‍तर काव्‍य में पारिवारिक जीवन
260 _bपंकज बुक्‍स
_c2008
_aदिल्‍ली
350 _a400
650 _aLiteracture
_954338
942 _cHIN
_k800/TIW/L
_2ddc
999 _c22378
_d22378